00558 2200217 4500001002100000005001700021006001900038008004100057020001800098035002500116090001700141100002400158245001900182250001100201260004300212990001700255990001700272990001700289990001700306990001700323INLIS00000000001235620170704110039.0a ||| | 180719| ||| |  a979-378-254-6 a0010-071700000000002 a302.23 YOS l0 aDr. Yosal Iriantara00aLiterasi Media aCet. 1 aBandungbSimbiosa Rekatama Mediac2009 a1385/PC/2017 a1385/PC/2017 a1386/PC/2017 a1386/PC/2017 a1385/PC/2017